La nueva corrupción en el Perú : (Record no. 22920)

000 -CABECERA
fixed length control field 01624nam a22002777i 4500
003 - IDENTIFICADOR DEL NÚMERO DE CONTROL
control field AR-CdUCM
008 - DATOS DE LONGITUD FIJA--INFORMACIÓN GENERAL
fixed length control field 240522b20222022 pe||||| |||| 00| 0 spa d
020 ## - NÚMERO INTERNACIONAL ESTÁNDAR DEL LIBRO
ISBN 978-612-49142-0-1
040 ## - FUENTE DE LA CATALOGACIÓN
Agencia/entidad que catalogó originalmente la obra MUNICIPALIDAD PROVINCIAL DEL CUSCO
Entidad que transcribió la catalogación BIBLIOTECA MUNICIPAL DEL CUSCO
082 ## - NÚMERO DE LA CLASIFICACIÓN DECIMAL DEWEY
No. de Clasificación 364.1323 / U241
Notacion interna U241
100 ## - ENTRADA PRINCIPAL--NOMBRE DE PERSONA
Nombre Personal Ugarteche Galarza, Óscar.
245 ## - MENCIÓN DE TÍTULO
Título La nueva corrupción en el Perú :
Resto del título pirañitas y tiburones /
260 ## - PUBLICACIÓN, DISTRIBUCIÓN, ETC.
Lugar de publicación, distribución, etc. Lima :
Nombre de la editorial, distribuidor, etc. Ministerio de Cultura del Perú,
-- Proyecto Especial Bicentenario de la Independencia del Perú,
Fecha de publicación, distribución, etc. 2022
300 ## - DESCRIPCIÓN FÍSICA
Nº de Páginas Extensión 144 páginas. :
Dimensiones 21 cm.
500 ## - NOTA GENERAL
Bibliografía Bibliografía: páginas 137 - 142
505 ## - NOTA DE CONTENIDO CON FORMATO
Nota de contenido formateada El papel de los asesores legales y financieros -- La trafa -- La descentralización -- (La ausencia de) El bien común -- La emergencia de la mentira legalizada (universidades patito) -- Los tiburones -- El fin del viejo orden y la llegada del nuevo orden social, político y económico -- Las mafias -- Las empresas y la información privilegiada -- El banco Mundial y sus intereses en las reformas
650 ## - PUNTO DE ACCESO ADICIONAL DE MATERIA--TÉRMINO DE MATERIA
Descriptor ¿Qué es la corrupción? Visiones y metodologías para entender la corrupción
9 (RLIN) 49977
650 ## - PUNTO DE ACCESO ADICIONAL DE MATERIA--TÉRMINO DE MATERIA
Descriptor Corrupción y autoritarismo: lo político de lo económico
9 (RLIN) 49978
650 ## - PUNTO DE ACCESO ADICIONAL DE MATERIA--TÉRMINO DE MATERIA
Descriptor Las nuevas perspectivas para estudiar la corrupción del sur
9 (RLIN) 49979
650 ## - PUNTO DE ACCESO ADICIONAL DE MATERIA--TÉRMINO DE MATERIA
Descriptor La falsedad ideológica
9 (RLIN) 49980
650 ## - PUNTO DE ACCESO ADICIONAL DE MATERIA--TÉRMINO DE MATERIA
Descriptor La relación entre Montesinos, Fujimori y los empresarios
9 (RLIN) 49981
650 ## - PUNTO DE ACCESO ADICIONAL DE MATERIA--TÉRMINO DE MATERIA
Descriptor La relación entre las reformas y la corrupción
9 (RLIN) 49982
856 ## - LOCALIZACIÓN Y ACCESO ELECTRÓNICOS
Dirección electrónica www.bicentenario.gob.pe/biblioteca
942 ## - ELEMENTOS DE PUNTO DE ACCESO ADICIONAL (KOHA)
Fuente de clasificación
Tipo de item Libros-BMC
945 ## - PROCESAMIENTO DE INFORMACIÓN LOCAL (OCLC)
Catalogador pbj
AAAA-MM-DD - Fecha de ingreso o modificacion 2024-05-22
Holdings
Estado de retiro (separado) Fuente de clasificación o esquema de estanterías Estado dañado Ubicación Sala donde se ubica Nombre de la colección Fecha de adquisición o compra Fuente de adquisición Costo, precio normal en soles Signatura topográfica Código de Barras Última vez visto (Koha) Tipo de ítem (Koha)
No     Sala Humanidades Sala Humanidades Book Cart 2024-05-22 Depósito Legal 20.00 364.1323 / U241 SH0000016757 2024-05-22 Libros-BMC

Powered by Koha